000 00668nam a22001217a 4500
008 160604b xxu||||| |||| 00| 0 eng d
100 _aKarasek, Jan
245 _a Forgeries of Czechoslovak postage stamps [1918-1939]
_bPadelky ceskoslovenskych postovnich znamek [1918-1939]
250 _62nd ed rev. 1985
260 _aFairfax, VA
_bSociety for Czechoslovak Philately
_c1985
650 _aCzechoslovakia (1918-1992) | 1918-1939 | Forgeries and Counterfeits | Postal Markings -- Bogus and Forged | Covers -- Bogus and Fraudulent | Collecting -- Identification | Experts | Production | Errors and Varieties | Postal Issues | Overprints and Surcharges
700 _aHefer, Fred
999 _c2039
_d2039